000
00229nam a22001097a 4500
020
_a
978-0143424680
041
_a
ENG
245
_a
Ward Power Made Easy
260
_a
Delhi
_b
W,R Goyal Pub
_c
1998
650
_a
GAE
856
_u
GAE
999
_c
3178
_d
3178